Sports Quiz

Random Sports or Football Quiz

-lphabetized: NFL QBs Quiz Stats

 Plays Quiz Updated Sep 1, 2019

Score 0/12 Timer 03:00
2 Plays Today
Question Answer Wrong Answers
1st -aron Rodgers
90.9%
-an Marino
2.1%
-oe Namath
1.1%
-ich Gannon
0.8%
1st -arson Palmer
89.6%
-eff Garcia
1.7%
-eyton Manning
2%
-ony Romo
1.1%
1st -en Roethlisberger
88.2%
-rew Brees
3.5%
-urt Warner
1.5%
-teve McNair
1.2%
2nd -onovan McNabb
86.5%
-lex Smith
4%
-oe Theismann
2.2%
-oger Staubach
1.3%
4th -ussell Wilson
86.1%
-art Starr
2.9%
-rew Bledsoe
3.1%
-ohnny Unitas
1.9%
4th -om Brady
86.1%
-am Newton
3.5%
-ake Plummer
1.6%
-ichael Vick
3%
2nd -li Manning
84.1%
-oomer Esiason
5.7%
-att Ryan
2.9%
-teve Young
1.4%
3rd -ohn Elway
82.4%
-ndrew Luck
3.4%
-oug Flutie
3.7%
-on Jaworski
4.6%
4th -arren Moon
82%
-an Fouts
4.1%
-oe Montana
2%
-andall Cunningham
5.7%
3rd -atthew Stafford
81.5%
-rett Favre
3.8%
-ran Tarkenton
4.5%
-erry Bradshaw
4.2%
3rd -hilip Rivers
77.7%
-ak Prescott
4.1%
-oe Flacco
3.5%
-roy Aikman
8.8%
2nd -im Kelly
77.6%
-had Pennington
10.9%
-hil Simms
2.8%
-rent Green
2.9%

You're not logged in!

Compare scores with friends on all Sporcle quizzes.
OR
Log In

Sporcle TV

Today on Sporcle TV


Watch our educational content, quiz creation guides, and fun videos on Sporcle TV.

Show Comments

Extras

Top Quizzes Today


Score Distribution

Your Account Isn't Verified!

In order to create a playlist on Sporcle, you need to verify the email address you used during registration. Go to your Sporcle Settings to finish the process.

Report this User

Report this user for behavior that violates our Community Guidelines.

Details: